Perspectivas de uso de la acuicultura artesanal para el aprovechamiento sostenible del recurso pesquero en la laguna costera de Navío Quebrado (Santuario de flora y fauna Los Flamencos-Caribe Colombiano) (Registro nro. 16317)
[ vista simple ]
| 000 -CABECERA | |
|---|---|
| Campo de control | 006910000a22001930004500 |
| 005 - FECHA Y HORA DE LA ULTIMA TRANSACCION | |
| Campo de control | 20170721113209.0 |
| 008 - ELEMENTOS DE LONGITUD FIJA—INFORMACION GENERAL | |
| Campo de control | 170721b xxu||||| |||| 00| 0 spa d |
| 040 ## - FUENTE DE CATALOGACIÓN | |
| Agencia catalogadora original | CO-BoIAVH |
| Agencia transcriptora | CO-BoIAVH |
| 041 0# - IDIOMA | |
| Código de idioma para texto/pista de sonido o título separado | Español |
| 090 ## - CLASIFICACIÓN LOCAL | |
| Colección | Seriadas |
| 100 1# - ASIENTO PRINCIPAL--NOMBRE PERSONAL | |
| Nombre personal | Díaz Sarmiento, J. |
| 245 10 - MENCION DE TITULO | |
| Título | Perspectivas de uso de la acuicultura artesanal para el aprovechamiento sostenible del recurso pesquero en la laguna costera de Navío Quebrado (Santuario de flora y fauna Los Flamencos-Caribe Colombiano) |
| 260 ## - PUBLICACION, DISTRIBUCION, ETC. (PIE DE IMPRENTA) | |
| Fecha de publicación, distribución, etc. | 2006 |
| Lugar de publicación, distribución, etc. | : |
| Nombre del editor, distribuidor, etc. | , |
| 300 ## - DESCRIPCION FISICA | |
| Extensión | . |
| 700 1# - ASIENTO SECUNDARIO - NOMBRE PERSONAL | |
| Nombre personal | Zarza, E. |
| 700 1# - ASIENTO SECUNDARIO - NOMBRE PERSONAL | |
| Nombre personal | Trujillo, A. |
| 773 1# - Item fuente: | |
| Título | Ambiente y desarrollo |
| Descripción física | 17/18 |
| Paginas del Articulo | 93-112 |
| Lugar, editorial y fecha de publicación | 2005/2006 |
| 942 ## - ELEMENTOS ADICIONALES (KOHA) | |
| Tipo de ítem | Artículo |
| Sistema de clasificación | Dewey Decimal Classification |
No hay ítems disponibles.